000
00216nam a22000857a 4500
008
161108b xxu||||| |||| 00| 0 eng d
100
_9
1083
_a
George.M.etal.
245
_a
Social Science-VIII
260
_a
New Delhi
_b
MEB
_c
2012
999
_c
3741
_d
3741